000 01365nam1a2200373 4500
001 RU\NLR\BIBL_A\022795044
005 20260525160650.0
010 _a978-5-908076-29-6
035 _a(NLR Aleph) 022795044
090 _a13709477
_c13709477
100 _a20260427d2025 u y0rusy50 ca
101 0 _arus
102 _aRU
105 _aa|||z||||||||
181 0 _ai3
_baxxe
181 0 _ab1
_bbb2e
182 0 _an
200 1 _aМедовый край
_eсборник рассказов
_fсоставитель: М. М. Гундич
_g[иллюстрации: Молодык Дарья и др.]
203 _aТекст
_aИзображение
_bвизуальные
_cнепосредственные
210 _aСимферополь
_cАРИАЛ
_d2025
215 _d21
300 _aДоп. информ. в ссылках QR-кодов
607 _aЗапорожская область
_jИздания для детей
_91078479
_3RU\NLR\AUTH\66421138
686 0 _aШ9(2)60=Р7-4я43
686 0 _aШ9
_bД891
702 1 _aГундич
_bМ. М.
_4220
702 1 _aМолодык
_bД.
_gДарья
_4440
852 _aNLR
_j2026-4/3103
942 _cBOOK
980 _aNB